000 00682nam a22001697a 4500
003 NUST
082 _a621.382,NAG
100 _aNagi, Musa
_9132998
245 _aBanking bot based on rasa framework /
_cMusa Nagi, tasawar Hussain, Zarnab Naeem and Malik Kazim Ali (BETE-55 /TCC-30)
260 _aRawalpindi
_bMCS (NUST)
_cJune, 2022
300 _ax, 26p.;
505 _aIntroduction (Page-1), Literature Review (Page-9), Implementation (Page-13), Conclusion (Page-24), Future Work (Page-25), References (Page-27).
650 _aUG Project
_9131132
651 _a(BETE-55 /TCC-30)
_9132999
700 _aSupervised by Associate Professor Dr. Alina Mirza
_9133000
942 _2ddc
_cPR
999 _c615972
_d615972